Un acercamiento a los conceptos de migración y mercado de trabajo en un contexto urbano /
সংরক্ষণ করুন:
| প্রধান লেখক: | |
|---|---|
| বিন্যাস: | পাঠ্য |
| ট্যাগগুলো: |
ট্যাগ যুক্ত করুন
কোনো ট্যাগ নেই, প্রথমজন হিসাবে ট্যাগ করুন!
|
MARC
| LEADER | 00000 a a2200000 04500 | ||
|---|---|---|---|
| 001 | 48262 | ||
| 003 | |||
| 040 | |||
| 100 | |a Sierra Sosa, Ligia Aurora | ||
| 245 | |a Un acercamiento a los conceptos de migración y mercado de trabajo en un contexto urbano / |c Ligia Aurora Sierra Sosa | ||
| 773 | |g páginas 133-177 | ||
| 999 | |c 22092 |d 22092 | ||
